| 000 -LEADER |
| fixed length control field |
00660nam a22001817a 4500 |
| 008 - FIXED-LENGTH DATA ELEMENTS--GENERAL INFORMATION |
| fixed length control field |
131009b xxu||||| |||| 00| 0 alb d |
| 020 ## - INTERNATIONAL STANDARD BOOK NUMBER |
| International Standard Book Number |
9951130143 |
| 041 0# - LANGUAGE CODE |
| Language code of text/sound track or separate title |
alb, eng |
| 080 ## - UNIVERSAL DECIMAL CLASSIFICATION NUMBER |
| Universal Decimal Classification number |
021 |
| Common auxiliary subdivision |
(496.51) |
| -- |
(061.51) |
| 245 00 - TITLE STATEMENT |
| Title |
Java e Bibliotekës në Kosovë 19-24 prill 2004 / |
| Statement of responsibility, etc |
[Kryeredaktor i botimeve Sali Bashota]. |
| 260 ## - |
| -- |
Prishtinë : |
| -- |
Biblioteka Kombëtare dhe Universitare e Kosovës ; |
| -- |
2005 |
| 300 ## - |
| -- |
112 f.: |
| -- |
me il. ; |
| -- |
20 cm. |
| 490 ## - |
| -- |
BKUK : Botime të Veçanta 2 : |
| 610 ## - |
| -- |
Biblioteka Kombëtare dhe Universitare e Kosovës |
| -- |
Seminare |
| 650 #0 - |
| -- |
Bibliotekaria |
| -- |
Seminare |
| -- |
Kosovë |
| 700 1# - |
| -- |
Bashota, Sali |
| 942 ## - ADDED ENTRY ELEMENTS (KOHA) |
| Source of classification or shelving scheme |
|
| Item type |
Books |